000 00644nam a2200205Ia 4500
003 GCL
008 140319s9999 xx 000 0 ara d
040 _aGCL /
_cGCL
082 0 4 _a624.15
_bا م
100 1 _aاسامة مصطفى الشافعى
245 1 0 _aميكانيكا التربة /
_cاسامة مصطفى الشافعى
260 _a[S.N] :
_bدار الراتب الجامعية ،
_c1988
490 _a
650 0 4 _aالهندسة
650 0 4 _aالهندسة المدنية
650 0 4 _aالانشاءات
650 0 4 _aميكانيكا التربة
650 0 4 _aالهندسة الانشائية
942 _2ddc
_cBK
999 _c36057
_d36057